| 000 | 00745nam a22002297a 4500 | ||
|---|---|---|---|
| 999 |
_c10253 _d10253 |
||
| 003 | AR-CdUCM | ||
| 008 | 190329b ||||| |||| 00| 0 spa d | ||
| 040 |
_aMUNICIPALIDAD PROVINCIAL DEL CUSCO _cBIBLIOTECA MUNICIPAL DEL CUSCO |
||
| 082 |
_a873.11 / _bAR77 / 1847 |
||
| 100 |
_aDe Arrue, D. Alejandro _926997 |
||
| 245 | _aNueva Version de la Eneida de Virgilio / | ||
| 260 |
_aBilbao : _bImprenta y litografia de Delmas e Hijo, _c1847. |
||
| 300 |
_a188 paginas ; _bTapa de cuero, _c20 cm. |
||
| 440 |
_aEneida de Virgilio _n3 _926998 |
||
| 500 | _aLibro en 2 idiomas Poesias | ||
| 650 |
_aPoesias _92556 |
||
| 650 |
_aLatinas _926999 |
||
| 650 |
_aAdaptaciones _91309 |
||
| 650 |
_aLiteratura _983 |
||
| 942 |
_2ddc _cLIBROS |
||
| 945 | _apjha | ||